¿ Qué es el SELA?

Збережено в:
Бібліографічні деталі
Співавтор: SELA
Формат: Текст
Опубліковано: s.l.: SELA
Теги: Додати тег
Немає тегів, Будьте першим, хто поставить тег для цього запису!

MARC

LEADER 00000 a a2200000 04500
001 22459
003
040
090 |a 152900  
110 |a SELA  
245 |a ¿ Qué es el SELA?  
260 |a s.l.:   |b SELA  
300 |a 13 p.  
999 |c 11942  |d 11942